000 00421nam a2200169Ia 4500
003 GCL
008 140319s9999 xx 000 0 eng d
040 _aGCL /
_cGCL
082 0 4 _a616
_bT H
100 1 _aTOYLOR, SHELLEY E.
245 1 0 _aHEALTH PSYCHOLOGY /
_cTOYLOR, SHELLEY E.
260 _a[S.N] :
_bMC GRAW - HILL ،
_c1991
300 _a670 P
650 0 4 _aHEALTH
650 0 4 _aCLINICAL HEALTH
942 _2ddc
_cBK
999 _c23829
_d23829